00770nam a2200205 i 450000100060000000300090000600500170001500700030003200800410003510000250007624501140010126000410021530000300025665000440028670000260033070000370035685200320039399900170042595201220044228365ES-MaACL20250902221310.0t|030117s1967 sp ||||1| spa d1 aBaecher, Max.92457110aConstrucciones en hormigón visto / cMax Baecher y Erwin Heinte ; [traducción de Roberto Terradas Vía]. aBarcelona : bGustavo Gili, c[1967] a170 p. : bil. ; c30 cm. 7aEstructuras de hormigón2embne9112961 aHeinte, Erwin.9623881 aTerradas Vía, Roberto.9109769 aES-MaACLjC-33700 bR.64451 c28365d28365 00104070aATENEOMbATENEOMcDEPO2d2008-01-17eSCl0oC-33700p1029284r2023-02-23 00:00:00w2023-02-23yMONOGRAFIA